01074cam a22002894a 450000500170000000800410001702000150005802000150007304000180008804100080010604200080011404400070012208200170012924501290014626000460027530000640032150000220038550400420040765000260044965000220047565000380049770000300053570000310056594200150059699900150061195201580062620160610113458.0020412s2002 dcuab b 001 0 eng  a155963846X a1559638478 aDLCcDLCdDLC0 aspa apcc ack00a577.55bF23n04aThe farm as natural habitat :breconnecting food systems with ecosystems /ceditado por Dana L. Jackson y Laura L. Jackson. aWashington, D.C. :bIsland Press,cc2002. axii, 297 páginas :bilustraciones y mapas ;c24 x 15 cm. aIncluye índice. aIncluye referencias bibliográficas.24aEcología agrícola26aAgrobiodiversidad26aAgrobiodiversidadxconservación1 aJackson, Dana L.eeditora1 aJackson, Laura L.eeditora 2ddccLIBRO c3736d3736 00102ddc40708GENERALIINV2017aVenadobVenadod2004-03-12eAmazonl0oLB-577.55 F23np018144r2012-12-04 00:00:00tEj. 1w2012-12-04xDonacionyLIBRO